| 000 | 00467nam a2200181Ia 4500 | ||
|---|---|---|---|
| 008 | 220531s9999 xx 000 0 und d | ||
| 041 | _aeng | ||
| 082 |
_a330.954 _bTHA |
||
| 100 |
_aThakur,a. K. _948079 |
||
| 245 | _aIndian Economic Association | ||
| 250 | _a87th | ||
| 260 |
_aVaransi _bAnnual Conference of the Indian Association _c2004 |
||
| 300 | _a970 | ||
| 542 | _d31-03-2005 | ||
| 650 |
_aEconomics _948080 |
||
| 906 | _d2004-2005 | ||
| 999 |
_c28166 _d28166 |
||